Natak aru natak/ (Record no. 11035)

MARC details
000 -LEADER
fixed length control field 00631cam a2200217ua 4500
005 - DATE AND TIME OF LATEST TRANSACTION
control field 20260515114848.0
008 - FIXED-LENGTH DATA ELEMENTS--GENERAL INFORMATION
fixed length control field 120831n ii |||gr||||Z||||||asm
040 ## - CATALOGING SOURCE
Transcribing agency MAIN
Original cataloging agency IN-DiNC
041 ## - LANGUAGE CODE
Language code of sung or spoken text asm
082 ## - DEWEY DECIMAL CLASSIFICATION NUMBER
Classification number 891.4512
Item number PAT
100 ## - MAIN ENTRY--PERSONAL NAME
Personal name Pathak, Ramesh
Relator term author
245 ## - TITLE STATEMENT
Title Natak aru natak/
Statement of responsibility, etc. By Ramesh Pathak
250 ## - EDITION STATEMENT
Edition statement 3rd ed.
260 ## - PUBLICATION, DISTRIBUTION, ETC.
Place of publication, distribution, etc. Guwahati:
Name of publisher, distributor, etc. Ashok book stall,
Date of publication, distribution, etc. 2012.
300 ## - PHYSICAL DESCRIPTION
Extent 182p.
650 ## - SUBJECT ADDED ENTRY--TOPICAL TERM
Topical term or geographic name entry element Theoretical aspects of drama
650 ## - SUBJECT ADDED ENTRY--TOPICAL TERM
Topical term or geographic name entry element History and development of Sanskrit and Assamese drama
650 ## - SUBJECT ADDED ENTRY--TOPICAL TERM
Topical term or geographic name entry element Assamese drama
653 ## - INDEX TERM--UNCONTROLLED
Uncontrolled term East Indo-European & Celtic literatures
942 ## - ADDED ENTRY ELEMENTS (KOHA)
Koha item type Books
Source of classification or shelving scheme Dewey Decimal Classification
Holdings
Withdrawn status Lost status Source of classification or shelving scheme Damaged status Not for loan Collection Home library Current library Shelving location Date acquired Cost, normal purchase price Total checkouts Full call number Barcode Date last seen Copy number Price effective from Koha item type Date last checked out
    Dewey Decimal Classification       Naharkatiya College Library Naharkatiya College Library General stacks 09/19/2020 100.00   891.4512 PAT 25567 09/19/2020 1 09/19/2020 Books  
    Dewey Decimal Classification       Naharkatiya College Library Naharkatiya College Library General stacks 08/20/2021 100.00 1 891.4512 PAT 25568 08/22/2022 2 08/20/2021 Books 08/18/2022